zpět

Detail výsledku týmu

U Pošty - Vinohrady ČT, Praha

Datum a čas kvízu

32 Celkem bodů Celkový počet nahraných bodů na tomto kvízu bez doplňovacích otázek.
5. Pořadí na kvízu Konečné umístění týmu na tomto kvízu.

Zaznamenané odpovědi

# Otázka Odpověď Body Výsledky
1. Na česko-polské hranici došlo... kaplička 1
2. Ve středu oslavil významné živ... princ Philip, 99 let 1
3. Akce, která se konala minulý p... Noc kostelů 0
4. Kromě finanční injekce ve výši... ve stanovení minimální ceny letenky 1
5. Fotbalisté Opavy se po 29. kol... Radoslav Kováč 1
6. Psi se na obrazovkách či stříb... Rin Tin Tin, zkráceně též Rinty 0
7. Jan, Gustav, Grigorij, Tomek a... Čtyři z tanku a pes 1
8. Jak se jmenuje slavný pes, kte... Rex 1
9. Jak se (ať už česky, či anglic... Spasitel (Santa's Little Helper) 1
10. Vzpomenete si na jméno filmu,... Neuvěřitelná cesta (ang. Homeward Bound) 0